00876nam a22002177a 450000100060000000300080000600500170001400800410003103500190007204000260009104100080011708200200012524501720014526000620031730000260037965100260040571000530043194200120048499900170049695201450051323240BD-RjUL20211209000916.0140310s1977 ja a|||| |||| 00| 0 eng d a(BD-RjUL)23305 aBD-RjULbengcBD-RjUL aeng04a915.2bWHI 1977 0aWhite papers of Japan, 1975-76 : bannual abstract of official reports and statistics of the Japanese government /cedited by Japan Institute of International Affairs, aTokyo :bJapan Institute of International Affairs,c1977. axii, 267 p. :c26 cm. 0aJapanvHistory9716312 aJapan Institute of International Affairs,971632 2ddccBK c23240d23240 00102ddc40728NFICaRUCLbRUCLcReadingd1979-04-24eJapan Foundation, Gift.l0o915.2 WHI 1977r2014-03-10 00:00:00tC-1w2014-03-10yBK